[Event "2nd GMA World Cup prel  #3"]
[Site "Palma de Mallorca"]
[Date "1989.??.??"]
[Round "6"]
[White "Sunye Neto, Jaime"]
[Black "Murey, Jacob"]
[Result "0-1"]
[WhiteElo "2480"]
[BlackElo "2535"]
[EventDate "1989.12.??"]
[PlyCount "80"]

1.c4 g6 2.Nc3 Bg7 3.d4 Nf6 4.e4 d6 5.Bd3 O-O 6.Nge2 c5 7.d5 Nbd7 8.f4 e5 
9.dxe6 fxe6 10.O-O a6 11.h3 b6 12.g4 Bb7 13.Ng3 Ne8 14.g5 Nc7 15.h4 b5 16.
cxb5 axb5 17.Nxb5 c4 18.Nxd6 cxd3 19.Nxb7 Qb8 20.Qb3 Ra7 21.Qxd3 Qxb7 22.
Be3 Na6 23.Bxa7 Qxa7+ 24.Kg2 Bxb2 25.Rad1 Nac5 26.Qc4 Bg7 27.Rd6 Qb7 28.
Kh3 Ra8 29.Rxd7 Nxd7 30.Qxe6+ Kh8 31.Rd1 Nf8 32.Qb3 Qc7 33.Rf1 Qe7 34.a4 
Qd7+ 35.f5 Be5 36.Qd5 Qe8 37.fxg6 Nxg6 38.Nh5 Qc8+ 39.Rf5 Rxa4 40.Kg4 Rd4 
0-1

[Event "2nd GMA World Cup prel  #3"]
[Site "Palma de Mallorca"]
[Date "1989.??.??"]
[Round "6"]
[White "Georgiev, Krum"]
[Black "Smagin, Sergei"]
[Result "1/2-1/2"]
[WhiteElo "2480"]
[BlackElo "2535"]
[EventDate "1989.12.??"]
[PlyCount "27"]

1.e4 e5 2.Nf3 Nc6 3.Bb5 a6 4.Ba4 Nf6 5.O-O Be7 6.Re1 b5 7.Bb3 O-O 8.c3 d6 
9.h3 a5 10.a4 b4 11.d4 bxc3 12.Nxc3 exd4 13.Nxd4 Nxd4 14.Qxd4 1/2-1/2

[Event "2nd GMA World Cup prel  #3"]
[Site "Palma de Mallorca"]
[Date "1989.??.??"]
[Round "6"]
[White "Mikhalchishin, Adrian"]
[Black "Kindermann, Stefan"]
[Result "1/2-1/2"]
[WhiteElo "2475"]
[BlackElo "2530"]
[EventDate "1989.12.??"]
[PlyCount "51"]

1.d4 Nf6 2.c4 g6 3.g3 Bg7 4.Bg2 d5 5.cxd5 Nxd5 6.Nf3 O-O 7.O-O Nb6 8.Nc3 
Nc6 9.d5 Na5 10.e4 c6 11.Bg5 Nac4 12.Qc1 Bg4 13.b3 Bxf3 14.Bxf3 Ne5 15.Bg2
cxd5 16.Nxd5 Nc6 17.Rd1 Nxd5 18.exd5 Nd4 19.Qd2 Qd7 20.Rac1 Rac8 21.Rc4 
Rxc4 22.bxc4 Rc8 23.Re1 e5 24.dxe6 fxe6 25.Qd3 Qa4 26.Bxb7 1/2-1/2

[Event "2nd GMA World Cup prel  #3"]
[Site "Palma de Mallorca"]
[Date "1989.??.??"]
[Round "6"]
[White "Benjamin, Joel"]
[Black "Abramovic, Bosko"]
[Result "1/2-1/2"]
[WhiteElo "2530"]
[BlackElo "2465"]
[EventDate "1989.12.??"]
[PlyCount "110"]

1.e4 c5 2.Nc3 Nc6 3.Nge2 g6 4.d4 cxd4 5.Nxd4 Bg7 6.Be3 Nf6 7.Nb3 O-O 8.Be2
d6 9.O-O b6 10.f4 Bb7 11.Bf3 Nd7 12.Qd2 Na5 13.Nxa5 bxa5 14.Rad1 Nb6 15.b3
Rc8 16.Ne2 a4 17.Qa5 Qc7 18.c4 axb3 19.axb3 Nd7 20.Qa3 Nc5 21.Ng3 a5 22.
Rf2 h5 23.e5 dxe5 24.Bxb7 Nxb7 25.f5 Nd6 26.c5 Nb5 27.Qc1 Nd4 28.fxg6 fxg6
29.Qc4+ Kh8 30.Rf7 Rxf7 31.Qxf7 Qc6 32.Qxe7 Qxc5 33.Qg5 Ne6 34.Bxc5 Nxg5 
35.Bb6 h4 36.Nf1 Rb8 37.Rd8+ Rxd8 38.Bxd8 Ne6 39.Bxa5 e4 40.Bb6 Bd4+ 41.
Bxd4+ Nxd4 42.b4 Kg7 43.Nd2 Ne2+ 44.Kf2 Nc3 45.Nc4 Kf6 46.Na3 Nd5 47.b5 
Nb6 48.Nc2 Ke5 49.Nb4 g5 50.Nc6+ Kd5 51.Nd8 Nc4 52.Nf7 g4 53.Nh6 g3+ 54.
hxg3 hxg3+ 55.Kxg3 Ne3 1/2-1/2

[Event "2nd GMA World Cup prel  #3"]
[Site "Palma de Mallorca"]
[Date "1989.??.??"]
[Round "6"]
[White "Bagirov, Vladimir"]
[Black "Lerner, Konstantin"]
[Result "1/2-1/2"]
[WhiteElo "2460"]
[BlackElo "2530"]
[EventDate "1989.12.??"]
[PlyCount "76"]

1.d4 g6 2.Nf3 Bg7 3.c4 d6 4.Nc3 Nf6 5.e4 O-O 6.h3 e5 7.d5 Nh5 8.Nh2 Qe8 9.
Be2 Nf4 10.Bf3 Na6 11.g3 Nxh3 12.Ng4 h5 13.Rxh3 hxg4 14.Bxg4 f5 15.exf5 
Bxf5 16.Be3 e4 17.Bxf5 Rxf5 18.Kf1 Nc5 19.Kg2 Nd3 20.Qe2 Qe5 21.Rh4 Nxb2 
22.Qxb2 Qxc3 23.Qxc3 Bxc3 24.Rb1 b6 25.Rxe4 Raf8 26.a4 a5 27.Rh1 Bg7 28.f4
R5f7 29.Re6 Rf6 30.Re4 R6f7 31.Kh3 Bf6 32.Kg4 Rh7 33.Rxh7 Kxh7 34.Re6 Kg7 
35.Kf3 Kf7 36.g4 Bc3 37.f5 gxf5 38.gxf5 Bf6 1/2-1/2

[Event "2nd GMA World Cup prel  #3"]
[Site "Palma de Mallorca"]
[Date "1989.??.??"]
[Round "6"]
[White "Barlov, Dragan"]
[Black "Lau, Ralf"]
[Result "0-1"]
[WhiteElo "2520"]
[BlackElo "2470"]
[EventDate "1989.12.??"]
[PlyCount "66"]

1.d4 g6 2.e4 Bg7 3.Nc3 d6 4.Nf3 Nf6 5.Be2 O-O 6.O-O c6 7.a4 Qc7 8.Bf4 Nbd7
9.Qd2 e5 10.Bh6 Re8 11.Bxg7 Kxg7 12.a5 Nf8 13.h3 exd4 14.Qxd4 Ne6 15.Qe3 
d5 16.e5 Nd7 17.Rfe1 f6 18.exf6+ Nxf6 19.Bf1 Bd7 20.Nd4 c5 21.Nxe6+ Rxe6 
22.Qg5 Rae8 23.Rxe6 Bxe6 24.Nb5 Qb8 25.a6 b6 26.b4 Ne4 27.Qe3 Bd7 28.bxc5 
bxc5 29.Rb1 d4 30.Qc1 Nxf2 31.Kxf2 Qh2 32.Qg5 Rf8+ 33.Ke2 Bxb5+ 0-1

[Event "2nd GMA World Cup prel  #3"]
[Site "Palma de Mallorca"]
[Date "1989.??.??"]
[Round "6"]
[White "Mednis, Edmar"]
[Black "Kozul, Zdenko"]
[Result "1-0"]
[WhiteElo "2430"]
[BlackElo "2560"]
[EventDate "1989.12.??"]
[PlyCount "58"]

1.c4 Nf6 2.g3 d5 3.cxd5 Nxd5 4.Bg2 e5 5.Nc3 Nb6 6.Nf3 Nc6 7.O-O Be7 8.a3 
a5 9.d3 O-O 10.Be3 Re8 11.Rc1 Bf8 12.Nb5 a4 13.Bxb6 cxb6 14.Nc3 Nd4 15.Nd2
b5 16.e3 Nc6 17.Nxb5 Ra5 18.Nc3 Qxd3 19.Be4 Qa6 20.Qc2 Bh3 21.Bxh7+ Kh8 
22.Bd3 Qa7 23.Rfe1 e4 24.Bxe4 Ne5 25.Nf3 Ng4 26.Nd4 Qb6 27.Bf3 Qh6 28.Qd1 
Rg5 29.Ne4 Nxh2 1-0

[Event "2nd GMA World Cup prel  #3"]
[Site "Palma de Mallorca"]
[Date "1989.??.??"]
[Round "6"]
[White "Arnason, Jon"]
[Black "Savon, Vladimir"]
[Result "1-0"]
[WhiteElo "2520"]
[BlackElo "2465"]
[EventDate "1989.12.??"]
[PlyCount "105"]

1.e4 c5 2.Nf3 d6 3.d4 cxd4 4.Nxd4 Nf6 5.Nc3 a6 6.f4 e6 7.Be2 Be7 8.O-O O-O
9.Be3 Nc6 10.Bf3 Qc7 11.Nxc6 bxc6 12.Na4 Bb7 13.c4 c5 14.Nc3 Nd7 15.Qd2 
Nb8 16.Kh1 Nc6 17.Qf2 e5 18.Nd5 Qd8 19.Bh5 exf4 20.Qxf4 Ne5 21.Rad1 Nxc4 
22.Bxf7+ Kh8 23.Qg3 Bh4 24.Qh3 Bc8 25.Be6 Bxe6 26.Qxe6 Nxb2 27.Rb1 Nd3 28.
g3 Bf6 29.Nb6 Ra7 30.Rfd1 Re7 31.Qb3 Nb2 32.Rxb2 Bxb2 33.Qxb2 Rb7 34.Bxc5 
Qe7 35.Bxd6 Qxe4+ 36.Qg2 Qxg2+ 37.Kxg2 Re8 38.Bc5 Rc7 39.Rd5 Kg8 40.a4 
Re2+ 41.Kh3 Rc6 42.Rd8+ Kf7 43.Rf8+ Kg6 44.Nd5 Kh6 45.Be3+ g5 46.Rg8 Rg6 
47.Re8 Rd6 48.Nc3 Rc2 49.Ne4 Rd3 50.Re6+ Kg7 51.Bxg5 a5 52.Bh6+ Kg8 53.Nd6
1-0

[Event "2nd GMA World Cup prel  #3"]
[Site "Palma de Mallorca"]
[Date "1989.??.??"]
[Round "6"]
[White "Cvitan, Ognjen"]
[Black "Kirov, Nino"]
[Result "1-0"]
[WhiteElo "2515"]
[BlackElo "2470"]
[EventDate "1989.12.??"]
[PlyCount "118"]

1.d4 d5 2.c4 c6 3.Nc3 Nf6 4.e3 g6 5.Nf3 Bg7 6.Be2 O-O 7.O-O Bg4 8.cxd5 
Nxd5 9.h3 Bxf3 10.Bxf3 e6 11.Qe2 Nd7 12.Rd1 Qe7 13.e4 N5b6 14.Be3 Rfe8 15.
Rac1 Rac8 16.g3 Qb4 17.a3 Qf8 18.Bg2 Bh6 19.f4 f5 20.e5 Qe7 21.h4 a6 22.
Rc2 Bf8 23.Bf2 h5 24.Qd3 Red8 25.Na2 Qe8 26.Qb3 Rb8 27.Be1 Nd5 28.Bxd5 
exd5 29.Rdc1 Rdc8 30.Bb4 Qd8 31.Qe3 a5 32.Bxf8 Nxf8 33.Nc3 Ne6 34.Na4 Kf7 
35.Nc5 Qb6 36.Nxe6 Kxe6 37.b3 Ra8 38.Rc5 Ra6 39.Qc3 Rca8 40.Qd3 Qd8 41.Kh2
R8a7 42.Kh3 Rb6 43.Qc3 Qa8 44.Kg2 Rba6 45.Rb1 Qe8 46.Rc1 Qd8 47.Kh3 Qa8 
48.Qe1 Rb6 49.b4 axb4 50.axb4 Ra2 51.b5 Qa3 52.R1c3 Qb2 53.Rc2 Qxd4 54.
Rxa2 Qxc5 55.Qa5 Rxb5 56.Qd8 Qe7 57.Qc8+ Qd7 58.Qh8 d4 59.Ra8 d3 1-0

[Event "2nd GMA World Cup prel  #3"]
[Site "Palma de Mallorca"]
[Date "1989.??.??"]
[Round "6"]
[White "Lautier, Joel"]
[Black "Kupreichik, Viktor"]
[Result "1-0"]
[WhiteElo "2465"]
[BlackElo "2520"]
[EventDate "1989.12.??"]
[PlyCount "75"]

1.d4 Nf6 2.c4 e6 3.Nf3 d5 4.Nc3 Bb4 5.Bg5 h6 6.Bxf6 Qxf6 7.Qb3 c5 8.cxd5 
exd5 9.a3 Bxc3+ 10.Qxc3 c4 11.b3 O-O 12.bxc4 dxc4 13.Qxc4 Be6 14.Qb5 Bg4 
15.e3 Bxf3 16.gxf3 Qxf3 17.Rg1 Nc6 18.Rd1 Rfe8 19.Rg3 Qe4 20.Bg2 Nxd4 21.
Qb2 Nc2+ 22.Kf1 Qc4+ 23.Kg1 g5 24.Rd6 Re6 25.Rxe6 Rd8 26.Bf1 Qxe6 27.Qxc2 
Rc8 28.Qb2 Qe4 29.Qf6 Qc6 30.Qxc6 Rxc6 31.Rg4 Rc1 32.Ra4 a6 33.Rb4 Ra1 34.
a4 a5 35.Rd4 Kf8 36.Kg2 Ke7 37.Bb5 b6 38.Rd7+ 1-0

[Event "2nd GMA World Cup prel  #3"]
[Site "Palma de Mallorca"]
[Date "1989.??.??"]
[Round "6"]
[White "Palatnik, Semon"]
[Black "Vasiukov, Evgeny"]
[Result "1-0"]
[WhiteElo "2460"]
[BlackElo "2515"]
[EventDate "1989.12.??"]
[PlyCount "109"]

1.d4 d6 2.e4 Nf6 3.Nc3 g6 4.f4 Bg7 5.Nf3 O-O 6.Bd3 Na6 7.e5 Ng4 8.h3 Nh6 
9.g4 c5 10.d5 Nc7 11.Bc4 Kh8 12.O-O b6 13.a4 a6 14.Rb1 Bd7 15.Qe2 Qe8 16.
b4 b5 17.bxc5 bxc4 18.c6 Bc8 19.Qxc4 Qd8 20.Be3 e6 21.exd6 Qxd6 22.Bc5 
exd5 23.Bxd6 dxc4 24.Ne5 Ne8 25.Bxf8 Bxf8 26.Nd7 Bxd7 27.cxd7 Ng7 28.Rfd1 
Ne6 29.Kf2 Rd8 30.Kf3 Kg7 31.Ne4 f5 32.Nd6 Nc5 33.Nb7 Rxd7 34.Nxc5 Rxd1 
35.Rxd1 Bxc5 36.Rd7+ Nf7 37.Rc7 Bd6 38.Rxc4 a5 39.Rc6 Be7 40.Re6 Bb4 41.
Rc6 Nd6 42.c3 Ba3 43.Ra6 Nc4 44.Ra7+ Kg8 45.gxf5 gxf5 46.Ke2 Bf8 47.Rb7 
Bh6 48.Rb5 Bxf4 49.Rc5 Ne5 50.Rxa5 Kg7 51.Rb5 Bg3 52.a5 f4 53.a6 f3+ 54.
Kf1 Kf6 55.Rxe5 1-0

[Event "2nd GMA World Cup prel  #3"]
[Site "Palma de Mallorca"]
[Date "1989.??.??"]
[Round "6"]
[White "Schussler, Harry"]
[Black "Ochoa de Echaguen, Javier"]
[Result "1-0"]
[WhiteElo "2540"]
[BlackElo "2435"]
[EventDate "1989.12.??"]
[PlyCount "84"]

1.d4 f5 2.g3 Nf6 3.Bg2 g6 4.Nf3 Bg7 5.O-O O-O 6.Nbd2 d6 7.c3 Qe8 8.Qb3+ e6
9.Re1 d5 10.Ne5 g5 11.c4 c6 12.cxd5 exd5 13.e4 fxe4 14.Nxe4 Nxe4 15.Rxe4 
Kh8 16.Re1 Qd8 17.Bd2 Na6 18.Re2 g4 19.Rae1 Qb6 20.Qa4 Be6 21.Ba5 Qb5 22.
Qa3 c5 23.Bc3 Bg8 24.dxc5 Nxc5 25.Nxg4 d4 26.Qb4 Bc4 27.Re5 dxc3 28.Qxb5 
Bxb5 29.Rxc5 Bd7 30.Ne5 Rae8 31.bxc3 b6 32.Rc7 Rxe5 33.Rxe5 Bxe5 34.Rxd7 
Bxc3 35.Be4 h6 36.Kg2 b5 37.Rh7+ Kg8 38.Rxh6 Rc8 39.Rh5 b4 40.Rd5 Re8 41.
Bd3 Re7 42.h4 Re5 1-0

[Event "2nd GMA World Cup prel  #3"]
[Site "Palma de Mallorca"]
[Date "1989.??.??"]
[Round "6"]
[White "Yakovich, Yury"]
[Black "Groszpeter, Attila"]
[Result "0-1"]
[WhiteElo "2450"]
[BlackElo "2515"]
[EventDate "1989.12.??"]
[PlyCount "76"]

1.d4 Nf6 2.c4 g6 3.Nc3 d5 4.Bf4 Bg7 5.e3 c5 6.dxc5 Qa5 7.Rc1 dxc4 8.Bxc4 
O-O 9.Nf3 Qxc5 10.Bb3 Qa5 11.O-O Na6 12.Bc4 Bg4 13.h3 Bxf3 14.Qxf3 Rac8 
15.Qe2 Nc5 16.e4 Ne6 17.Be3 Kh8 18.Rfd1 a6 19.Nd5 Nxd5 20.exd5 Nc5 21.Bg5 
Bf6 22.Bxf6+ exf6 23.d6 Kg7 24.d7 Nxd7 25.Rxd7 b5 26.b3 bxc4 27.Rxc4 Rxc4 
28.bxc4 Qb4 29.g3 Qc5 30.Qe4 h5 31.h4 Qe5 32.Qc2 Rb8 33.Rd5 Qe1+ 34.Kg2 
Rb1 35.Kf3 Rc1 36.Qe4 Qh1+ 37.Kf4 Qxe4+ 38.Kxe4 Rxc4+ 0-1

[Event "2nd GMA World Cup prel  #3"]
[Site "Palma de Mallorca"]
[Date "1989.??.??"]
[Round "6"]
[White "Hodgson, Julian Michael"]
[Black "Donaldson-Akhmilovskaya, Elena"]
[Result "1-0"]
[WhiteElo "2535"]
[BlackElo "2430"]
[EventDate "1989.12.??"]
[PlyCount "75"]

1.d4 Nf6 2.Nf3 e6 3.Bg5 Be7 4.e3 b6 5.c4 Bb7 6.Bd3 d5 7.Bxf6 Bxf6 8.cxd5 
exd5 9.Qc2 g6 10.h4 c5 11.dxc5 bxc5 12.Qxc5 Nd7 13.Qa3 Qe7 14.Qxe7+ Kxe7 
15.Nd4 Nc5 16.Ke2 Rhc8 17.Nc3 Ne4 18.Rac1 h5 19.g3 Rab8 20.Rc2 Ba8 21.Rhc1
Nxc3+ 22.bxc3 Be5 23.Nb5 Rc5 24.a4 Bc6 25.Ra2 Bd7 26.Kd2 a5 27.Ra3 Rbc8 
28.Nd4 R5c7 29.Raa1 Rb8 30.Rcb1 Rcb7 31.Rxb7 Rxb7 32.Bc2 Bc7 33.Ra3 Kd6 
34.Rb3 Rxb3 35.Bxb3 Kc5 36.e4 dxe4 37.Bxf7 Bf5 38.Be6 1-0

[Event "2nd GMA World Cup prel  #3"]
[Site "Palma de Mallorca"]
[Date "1989.??.??"]
[Round "6"]
[White "Spraggett, Kevin"]
[Black "San Segundo Carrillo, Pablo"]
[Result "1-0"]
[WhiteElo "2585"]
[BlackElo "2375"]
[EventDate "1989.12.??"]
[PlyCount "89"]

1.c4 g6 2.g3 Bg7 3.Bg2 e5 4.Nc3 Nc6 5.d3 d6 6.e4 Nge7 7.Nge2 O-O 8.O-O f5 
9.Nd5 Be6 10.Be3 Qd7 11.Qd2 Rae8 12.Rac1 b6 13.b4 Kh8 14.a3 Nd8 15.Nxe7 
Rxe7 16.exf5 Bxf5 17.d4 Bh3 18.d5 Nf7 19.f3 h5 20.Nc3 Bf5 21.c5 Kh7 22.a4 
Bh6 23.c6 Qc8 24.a5 bxa5 25.bxa5 Qa6 26.g4 Qd3 27.Bxh6 Nxh6 28.Qg5 Qd4+ 
29.Kh1 Rg7 30.Rfd1 Qf2 31.Rd2 Qc5 32.gxf5 gxf5 33.Qh4 Rfg8 34.Ra2 Qe3 35.
Qe1 Qf4 36.Qd2 Qh4 37.Rg1 e4 38.Raa1 Rg3 39.Raf1 e3 40.Qc2 R3g6 41.Nb5 f4 
42.Nxc7 e2 43.Re1 Rf8 44.Ne6 Rf6 45.c7 1-0

[Event "2nd GMA World Cup prel  #3"]
[Site "Palma de Mallorca"]
[Date "1989.??.??"]
[Round "6"]
[White "Renet, Olivier"]
[Black "Klaric, Zlatko"]
[Result "0-1"]
[WhiteElo "2515"]
[BlackElo "2445"]
[EventDate "1989.12.??"]
[PlyCount "76"]

1.e4 e5 2.Nf3 Nc6 3.Bb5 Nd4 4.Nxd4 exd4 5.O-O Bc5 6.d3 c6 7.Ba4 Ne7 8.Qh5 
d5 9.Nd2 O-O 10.Nf3 Qd6 11.Bb3 Qg6 12.Qxg6 hxg6 13.exd5 Nxd5 14.Bxd5 cxd5 
15.b3 Bg4 16.Ne5 Bf5 17.Bb2 Rfe8 18.f4 g5 19.Nf3 gxf4 20.Bxd4 Bd6 21.Rfe1 
Rec8 22.Re2 f6 23.a4 Rc6 24.Kf2 b6 25.Ra2 Bg4 26.c4 dxc4 27.dxc4 Rd8 28.
Rad2 Bb4 29.Bc3 Rxd2 30.Bxd2 Bc5+ 31.Ke1 g5 32.a5 Kf7 33.Bc3 Kg6 34.axb6 
Rxb6 35.Rb2 Ba3 36.Rb1 Bf5 37.Ra1 Rxb3 38.Bd4 Bb4+ 0-1

[Event "2nd GMA World Cup prel  #3"]
[Site "Palma de Mallorca"]
[Date "1989.??.??"]
[Round "6"]
[White "Hernandez Onna, Roman"]
[Black "Geller, Efim"]
[Result "1-0"]
[WhiteElo "2450"]
[BlackElo "2505"]
[EventDate "1989.12.??"]
[PlyCount "73"]

1.c4 e6 2.Nf3 d5 3.g3 Nf6 4.Bg2 Be7 5.O-O O-O 6.b3 c5 7.Bb2 Nc6 8.cxd5 
exd5 9.d4 Ne4 10.Nc3 Bf6 11.Na4 cxd4 12.Nxd4 Bd7 13.e3 Rc8 14.Rc1 Nxd4 15.
Rxc8 Qxc8 16.Bxd4 Bh3 17.Bxf6 Nxf6 18.Qd4 Bxg2 19.Kxg2 Qc2 20.Nc3 b6 21.
Rd1 Ne4 22.Nxe4 dxe4 23.Rd2 Qc6 24.Qd6 Qxd6 25.Rxd6 f5 26.h3 g6 27.g4 Kg7 
28.Kg3 Rf6 29.Rd8 a5 30.Rb8 h6 31.Rb7+ Kg8 32.gxf5 Rxf5 33.Rxb6 Kf7 34.a4 
Rg5+ 35.Kh2 Rf5 36.Kg2 Rg5+ 37.Kf1 1-0

[Event "2nd GMA World Cup prel  #3"]
[Site "Palma de Mallorca"]
[Date "1989.??.??"]
[Round "6"]
[White "Radulov, Ivan"]
[Black "Vukic, Milan"]
[Result "1/2-1/2"]
[WhiteElo "2450"]
[BlackElo "2500"]
[EventDate "1989.12.??"]
[PlyCount "33"]

1.e4 c5 2.Nf3 e6 3.d4 cxd4 4.Nxd4 Nf6 5.Nc3 Nc6 6.g3 d6 7.Bg2 Bd7 8.O-O 
Be7 9.a4 a6 10.Nxc6 Bxc6 11.a5 O-O 12.Be3 Nd7 13.Na4 Qc7 14.Nb6 Rae8 15.
Nxd7 Qxd7 16.Bb6 f5 17.Re1 1/2-1/2

[Event "2nd GMA World Cup prel  #3"]
[Site "Palma de Mallorca"]
[Date "1989.??.??"]
[Round "6"]
[White "Csom, Istvan"]
[Black "Sorokin, Maxim"]
[Result "1/2-1/2"]
[WhiteElo "2530"]
[BlackElo "2420"]
[EventDate "1989.12.??"]
[PlyCount "122"]

1.Nf3 Nf6 2.c4 c6 3.g3 d5 4.Qc2 Bg4 5.Bg2 Nbd7 6.d4 e6 7.Nbd2 Be7 8.O-O 
O-O 9.e4 Nxe4 10.Nxe4 Bf5 11.Nfd2 dxe4 12.Nxe4 Nf6 13.Be3 Qa5 14.Rfd1 Rfd8
15.a3 Rd7 16.Rd2 Bxe4 17.Bxe4 Qh5 18.Kg2 Rad8 19.Bf3 Ng4 20.Bxg4 Qxg4 21.
Rad1 b5 22.Rc1 Bf6 23.h3 Qg6 24.cxb5 cxb5 25.Qc6 Rd5 26.Rc5 Qe4+ 27.Kh2 h5
28.h4 Bxh4 29.Rxd5 Rxd5 30.Qe8+ Kh7 31.Qxf7 Bf6 32.Qc7 Bxd4 33.Bxd4 Rxd4 
34.Rxd4 Qxd4 35.Qc2+ Kh6 36.Qe2 e5 37.Kg1 a6 38.Qc2 Kg5 39.b4 Qa1+ 40.Kg2 
Qxa3 41.Qd2+ Kf5 42.Qd7+ Ke4 43.Qxg7 Qxb4 44.g4 h4 45.Qb7+ Kd4 46.g5 Qd6 
47.Qf3 Qe6 48.Qe3+ Kd5 49.Qd3+ Kc5 50.f3 b4 51.Qe3+ Kb5 52.Qd3+ Ka4 53.g6 
b3 54.g7 b2 55.Kh2 e4 56.Qc2+ Ka3 57.f4 Qg4 58.Qc3+ Ka2 59.Qc4+ Ka1 60.
Qxa6+ Kb1 61.Qf1+ Kc2 1/2-1/2

[Event "2nd GMA World Cup prel  #3"]
[Site "Palma de Mallorca"]
[Date "1989.??.??"]
[Round "6"]
[White "Romero Holmes, Alfonso"]
[Black "Ruban, Vadim"]
[Result "0-1"]
[WhiteElo "2430"]
[BlackElo "2515"]
[EventDate "1989.12.??"]
[PlyCount "84"]

1.e4 c5 2.Nf3 d6 3.d4 cxd4 4.Nxd4 Nf6 5.Nc3 Nc6 6.Bg5 e6 7.Qd2 a6 8.O-O-O 
h6 9.Be3 Nxd4 10.Qxd4 Qc7 11.f4 b5 12.a4 bxa4 13.Qxa4+ Bd7 14.Bb5 Qb7 15.
Bxd7+ Qxd7 16.Qc4 Qc8 17.Qa4+ Qd7 18.Rd4 Be7 19.Rhd1 Qxa4 20.Rxa4 g5 21.f5
O-O 22.Bd4 Nd7 23.Kd2 Rfc8 24.Rda1 Rc6 25.Ne2 Nb6 26.Bxb6 Rxb6 27.b3 Bf6 
28.R1a2 Be5 29.h3 Kg7 30.Nc1 Rc6 31.Nd3 Bc3+ 32.Ke3 exf5 33.exf5 d5 34.Nc1
Re8+ 35.Kf3 a5 36.Ne2 Bb4 37.g4 Re7 38.Kf2 Rec7 39.c3 Bxc3 40.Rc2 Be1+ 41.
Kxe1 Rxc2 42.Rxa5 Re7 0-1

[Event "2nd GMA World Cup prel  #3"]
[Site "Palma de Mallorca"]
[Date "1989.??.??"]
[Round "6"]
[White "Sokolov, Ivan"]
[Black "Bilek, Istvan"]
[Result "1-0"]
[WhiteElo "2525"]
[BlackElo "2420"]
[EventDate "1989.12.??"]
[PlyCount "91"]

1.d4 g6 2.c4 Bg7 3.Nc3 d6 4.Nf3 Bg4 5.g3 Nf6 6.Bg2 O-O 7.O-O Nc6 8.d5 Na5 
9.Qd3 c5 10.h3 Bd7 11.Bf4 a6 12.Rab1 b5 13.b3 b4 14.Ne4 Nxe4 15.Qxe4 Bf5 
16.Qe3 Bxb1 17.Rxb1 Qd7 18.Rd1 Nb7 19.h4 Rae8 20.Ng5 Nd8 21.Qd3 h6 22.Bh3 
f5 23.Nf3 Rf6 24.e4 e5 25.dxe6 Nxe6 26.Bxd6 Nd4 27.Bxc5 Nxf3+ 28.Qxf3 Qc7 
29.e5 Rfe6 30.Bxb4 Bxe5 31.h5 a5 32.Ba3 Qf7 33.hxg6 Rxg6 34.Qxf5 Bxg3 35.
Qxf7+ Kxf7 36.fxg3 Rxg3+ 37.Kh2 Rge3 38.Rf1+ Kg6 39.Rf2 Re2 40.Kg2 R8e3 
41.Bf5+ Kh5 42.c5 a4 43.c6 Rxf2+ 44.Kxf2 Rc3 45.Be4 axb3 46.axb3 1-0

[Event "2nd GMA World Cup prel  #3"]
[Site "Palma de Mallorca"]
[Date "1989.??.??"]
[Round "6"]
[White "Gomez Esteban, Juan Mario"]
[Black "Krasenkov, Mikhail"]
[Result "0-1"]
[WhiteElo "2440"]
[BlackElo "2505"]
[EventDate "1989.12.??"]
[PlyCount "80"]

1.c4 Nf6 2.Nc3 d5 3.cxd5 Nxd5 4.Nf3 g6 5.Qa4+ Bd7 6.Qh4 Nxc3 7.dxc3 Nc6 8.
e4 e5 9.Qxd8+ Rxd8 10.Bc4 f6 11.b4 a5 12.a3 Ra8 13.Rb1 Bd6 14.Be3 Ke7 15.
Nd2 axb4 16.axb4 Ra3 17.Nb3 Rha8 18.Bc1 R3a4 19.O-O Be6 20.Bxe6 Kxe6 21.
Be3 b6 22.Rfd1 Na7 23.g4 Nb5 24.Rd3 Na3 25.Rbd1 Nc4 26.Bc1 b5 27.Nd2 Ra1 
28.Nxc4 bxc4 29.Rd5 Rb1 30.Be3 Raa1 31.Rxb1 Rxb1+ 32.Kg2 f5 33.gxf5+ gxf5 
34.f3 Rb3 35.Rb5 fxe4 36.fxe4 Rxc3 37.Kf2 Rc2+ 38.Kg3 Re2 39.Bc5 c3 40.
Bxd6 cxd6 0-1

[Event "2nd GMA World Cup prel  #3"]
[Site "Palma de Mallorca"]
[Date "1989.??.??"]
[Round "6"]
[White "Westerinen, Heikki"]
[Black "Taimanov, Mark"]
[Result "0-1"]
[WhiteElo "2435"]
[BlackElo "2495"]
[EventDate "1989.12.??"]
[PlyCount "80"]

1.e4 c5 2.Nf3 e6 3.d4 cxd4 4.Nxd4 Nc6 5.Nb5 d6 6.Bf4 e5 7.Be3 a6 8.N5c3 
Nf6 9.Bc4 Be7 10.Nd5 Nxd5 11.Bxd5 O-O 12.Na3 Nb4 13.Bb3 b5 14.c3 Nc6 15.
Bd5 Qc7 16.Nc2 Rb8 17.O-O Be6 18.Qd3 Bxd5 19.Qxd5 a5 20.Rfc1 Bf6 21.b4 Ne7
22.Qd3 d5 23.exd5 Rfd8 24.bxa5 Nxd5 25.a6 Nxc3 26.Qf1 Qa5 27.a3 e4 28.Nb4 
Rbc8 29.Qe1 Rc4 30.Bd2 Qc7 31.h3 h6 32.Kh1 Na4 33.Rab1 Bb2 34.Rxc4 Qxc4 
35.a7 Bxa3 36.Bf4 Ra8 37.Bb8 Nc3 38.Na6 Nxb1 39.Qxb1 b4 40.Nc7 Rxa7 0-1

[Event "2nd GMA World Cup prel  #3"]
[Site "Palma de Mallorca"]
[Date "1989.??.??"]
[Round "6"]
[White "Kovacevic, Vladimir"]
[Black "Arakhamia, Ketevan"]
[Result "1-0"]
[WhiteElo "2515"]
[BlackElo "2405"]
[EventDate "1989.12.??"]
[PlyCount "127"]

1.d4 g6 2.c4 Bg7 3.Nc3 d6 4.g3 Nd7 5.Bg2 e5 6.e3 Ne7 7.Nge2 O-O 8.b3 exd4 
9.Nxd4 c5 10.Nde2 Nb6 11.Rb1 Bf5 12.e4 Be6 13.Bf4 Nbc8 14.Qd2 a6 15.O-O 
Nc6 16.Rbd1 Qa5 17.Bh6 Qd8 18.h3 Ra7 19.Bxg7 Kxg7 20.f4 f6 21.g4 Qe8 22.
Qb2 b6 23.Nd5 Bxd5 24.cxd5 Nb8 25.g5 Re7 26.gxf6+ Rxf6 27.e5 dxe5 28.fxe5 
Rxf1+ 29.Rxf1 Rxe5 30.Nf4 Kg8 31.Ne6 Nd7 32.Qa3 Nd6 33.Qxa6 Nf5 34.Qa4 h6 
35.Qc6 Re2 36.a4 Nf6 37.Qxe8+ Nxe8 38.Nf4 Rb2 39.Nxg6 Ned6 40.Rf3 Kg7 41.
Nf4 Kf6 42.Ne6 Ke5 43.a5 bxa5 44.Nxc5 Rxg2+ 45.Kxg2 Nh4+ 46.Kf2 Nxf3 47.
Kxf3 Kxd5 48.Na4 Kc6 49.Kf4 Kb5 50.Ke5 Nf7+ 51.Kf6 Ng5 52.h4 Nf3 53.h5 Nd2
54.Kg6 Nf1 55.Nc3+ Kb4 56.Ne2 Ne3 57.Kxh6 Ng4+ 58.Kg5 Ne5 59.Kf5 Nf7 60.
Nd4 Nh6+ 61.Kg6 Ng4 62.Kg5 Ne5 63.Nc6+ Nxc6 64.h6 1-0

[Event "2nd GMA World Cup prel  #3"]
[Site "Palma de Mallorca"]
[Date "1989.??.??"]
[Round "6"]
[White "Dlugy, Maxim"]
[Black "Rantanen, Yrjo"]
[Result "1/2-1/2"]
[WhiteElo "2530"]
[BlackElo "2380"]
[EventDate "1989.12.??"]
[PlyCount "147"]

1.c4 c5 2.g3 g6 3.Bg2 Bg7 4.Nc3 Nc6 5.a3 a6 6.e3 Rb8 7.Nge2 b5 8.cxb5 axb5
9.d4 b4 10.axb4 cxb4 11.Na4 e6 12.O-O Ba6 13.Re1 Nge7 14.Nf4 Bb5 15.Nc5 
O-O 16.Bd2 d5 17.Na6 Bxa6 18.Rxa6 Rb6 19.Qa4 Rxa6 20.Qxa6 Qa8 21.Ra1 Qxa6 
22.Rxa6 Rb8 23.b3 Nd8 24.Nd3 Nec6 25.Nc5 Bf8 26.Nd7 Rb7 27.Nxf8 Kxf8 28.
Kf1 Ke7 29.Ke2 Kd7 30.Kd3 Rb5 31.e4 Kc7 32.Ra4 Nb7 33.Bf4+ Kb6 34.exd5 
exd5 35.Bf3 f6 36.h4 Nca5 37.Bd1 Nc6 38.Ra8 Ncd8 39.Bf3 Nc6 40.Rh8 h5 41.
Rg8 Nba5 42.Bd1 Ne7 43.Rg7 Nac6 44.Bd6 Nf5 45.Bc5+ Rxc5 46.dxc5+ Kxc5 47.
Rg8 Kd6 48.Kd2 Nfe7 49.Rf8 f5 50.Ke3 Ke6 51.Ra8 Kd6 52.Be2 Kc5 53.Rf8 Nd4 
54.Bd1 Ne6 55.Re8 Kd6 56.Ra8 f4+ 57.Kf3 Nf5 58.Rg8 Ne7 59.Rb8 Nc6 60.Rb7 
fxg3 61.Kxg3 Ned4 62.Kf4 Ne6+ 63.Ke3 Ned4 64.Rf7 Ke5 65.f4+ Ke6 66.Rb7 
Nf5+ 67.Kf2 Nxh4 68.Bc2 Kd6 69.Bd3 Kc5 70.Rg7 Nd4 71.Bxg6 Ne6 72.Ra7 Nxg6 
73.f5 Ngf8 74.fxe6 1/2-1/2

[Event "2nd GMA World Cup prel  #3"]
[Site "Palma de Mallorca"]
[Date "1989.??.??"]
[Round "6"]
[White "Ghitescu, Theodor"]
[Black "Conquest, Stuart"]
[Result "1/2-1/2"]
[WhiteElo "2390"]
[BlackElo "2515"]
[EventDate "1989.12.??"]
[PlyCount "120"]

1.d4 f5 2.Nf3 Nf6 3.g3 g6 4.Bg2 Bg7 5.O-O c6 6.c4 d6 7.Nc3 Na6 8.d5 Bd7 9.
Rb1 O-O 10.b4 Nc7 11.dxc6 Bxc6 12.b5 Bd7 13.Nd4 Rb8 14.Ba3 Ne6 15.e3 Kh8 
16.Qe2 Nc5 17.Rfd1 Qe8 18.Nb3 Nxb3 19.axb3 g5 20.Nd5 Nxd5 21.Bxd5 a6 22.
bxa6 bxa6 23.Bb2 Qg6 24.Bxg7+ Qxg7 25.b4 f4 26.exf4 gxf4 27.Re1 Bf5 28.Ra1
e6 29.Be4 Bg4 30.Qd2 Rb6 31.Rab1 Bh3 32.c5 dxc5 33.bxc5 Rxb1 34.Rxb1 Qe5 
35.Qd6 Qf6 36.Qxf4 Qxf4 37.gxf4 Kg7 38.Rb7+ Kf6 39.Rxh7 Rg8+ 40.Kh1 Bf5 
41.Bxf5 Kxf5 42.c6 Rc8 43.c7 Kxf4 44.Kg2 a5 45.Rh4+ Kf5 46.Rh5+ Kf4 47.Rc5
a4 48.Rc4+ Kf5 49.Rxa4 Rxc7 50.Kg3 Rg7+ 51.Kf3 e5 52.h4 Rb7 53.Kg3 Rg7+ 
54.Kh3 e4 55.Ra8 Rf7 56.Rg8 Kf4 57.Rg3 Rh7 58.Ra3 Rg7 59.Rb3 Rg8 60.Rb7 
Rf8 1/2-1/2

[Event "2nd GMA World Cup prel  #3"]
[Site "Palma de Mallorca"]
[Date "1989.??.??"]
[Round "6"]
[White "Panno, Oscar"]
[Black "Mellado Trivino, Juan"]
[Result "1-0"]
[WhiteElo "2500"]
[BlackElo "2400"]
[EventDate "1989.12.??"]
[PlyCount "71"]

1.Nf3 Nf6 2.c4 g6 3.Nc3 d5 4.cxd5 Nxd5 5.Qa4+ Nc6 6.Ne5 Nb4 7.a3 Nc2+ 8.
Qxc2 Nxe5 9.e3 Bg7 10.d4 Nd7 11.Be2 O-O 12.O-O c6 13.Rd1 Nf6 14.b4 Be6 15.
Bb2 a5 16.b5 cxb5 17.Bxb5 Rc8 18.Qa4 Nd5 19.Rac1 f5 20.Nxd5 Qxd5 21.Qxa5 
f4 22.exf4 Bh6 23.Qe1 Bxf4 24.Rc5 Qd6 25.g3 Bh6 26.Bc1 Bxc1 27.Rdxc1 Rcd8 
28.Re5 Bf7 29.Rxe7 Qxd4 30.Rcc7 Bd5 31.Rxh7 Bf7 32.Rhxf7 Rxf7 33.Bc4 Rd7 
34.Bxf7+ Kxf7 35.Rxd7+ Qxd7 36.Qe3 1-0